[Event "ECCC 2013"]
[Site "Rhodes"]
[Date "2013.10.23"]
[Round "4"]
[White "Rapaire, Jean-Michel"]
[Black "Philipowski, Robert"]
[Result "0-1"]
[WhiteElo "1865"]
[BlackElo "2298"]
[PlyCount "30"]
[EventDate "2013.10.20"]
[EventType "team"]
[EventRounds "7"]
[EventCountry "GRE"]
[WhiteTeam "Cercle d'Echecs de Monte-Carlo"]
[BlackTeam "SK 47 Eynatten"]

1. e4 c5 2. Nf3 Nc6 3. Bc4 e6 4. c3 d5 5. exd5 exd5 6. Bb3 Nf6 7. d4 Bg4 8.
dxc5 Bxc5 9. O-O O-O 10. Qd3 d4 11. Nxd4 Bxd4 12. cxd4 Nxd4 13. Qe3 Re8 14. Qg5
h6 15. Qh4 Nf5 0-1

[Event "ECCC 2013"]
[Site "Rhodes"]
[Date "2013.10.23"]
[Round "4"]
[White "Sumets, Andrey"]
[Black "Agdestein, Simen"]
[Result "0-1"]
[WhiteElo "2598"]
[BlackElo "2603"]
[PlyCount "96"]
[EventDate "2013.10.20"]
[EventType "team"]
[EventRounds "7"]
[EventCountry "GRE"]
[WhiteTeam "S.F. Wirtzfeld"]
[BlackTeam "Oslo Schakselskap"]

1. d4 Nf6 2. c4 e6 3. g3 c5 4. Nf3 cxd4 5. Nxd4 Nc6 6. Bg2 Bb4+ 7. Bd2 Bc5 8.
Bc3 O-O 9. O-O Qe7 10. Nb3 Bb6 11. e3 Rd8 12. Qe2 d6 13. N1d2 d5 14. Rac1 e5
15. cxd5 Nxd5 16. Nc4 Bc7 17. Rfd1 e4 18. Ba5 Nxa5 19. Ncxa5 Nf6 20. Rxd8+ Bxd8
21. h3 h5 22. Qb5 a6 23. Qg5 Qb4 24. Nc4 Be6 25. Ncd2 Bb6 26. a3 Qd6 27. Bf1
Ba7 28. h4 Rd8 29. Be2 Qb8 30. Kg2 b5 31. Qf4 Qa8 32. Qe5 Bb6 33. Rc2 Rd5 34.
Qc3 Rd3 35. Qc6 Qd8 36. Bxd3 exd3 37. Rc5 Bxc5 38. Qxc5 Bxb3 39. Nxb3 d2 40.
Nxd2 Qxd2 41. Qc8+ Kh7 42. Qf5+ Kh8 43. Qc8+ Ng8 44. Qf5 Nh6 45. Qxh5 Qxb2 46.
Qc5 Qe2 47. Qd6 Kh7 48. Qd5 Qc4 0-1

[Event "ECCC 2013"]
[Site "Rhodes"]
[Date "2013.10.23"]
[Round "4"]
[White "Moen, Andreas"]
[Black "Winants, Luc"]
[Result "0-1"]
[WhiteElo "2390"]
[BlackElo "2534"]
[PlyCount "66"]
[EventDate "2013.10.20"]
[EventType "team"]
[EventRounds "7"]
[EventCountry "GRE"]
[WhiteTeam "Oslo Schakselskap"]
[BlackTeam "S.F. Wirtzfeld"]

1. e4 e5 2. Nf3 Nc6 3. Bb5 a6 4. Ba4 Nf6 5. O-O d6 6. Re1 b5 7. Bb3 Na5 8. d4
Nxb3 9. axb3 Nd7 10. Nc3 Bb7 11. Be3 Be7 12. Nd5 O-O 13. c4 c6 14. Nxe7+ Qxe7
15. c5 dxc5 16. dxe5 Nxe5 17. Nxe5 Qxe5 18. Qc2 c4 19. bxc4 Rfe8 20. f3 a5 21.
Rad1 Qe6 22. c5 Rad8 23. Bf4 Qf6 24. Bd6 Bc8 25. f4 Bg4 26. Rd3 a4 27. Ree3 Be6
28. Be5 Qe7 29. Rg3 f6 30. Bd6 Qf7 31. Qc3 Ba2 32. Rde3 Qb3 33. Qxf6 Qxe3+ 0-1

[Event "ECCC 2013"]
[Site "Rhodes"]
[Date "2013.10.23"]
[Round "4"]
[White "Boidman, Yuri"]
[Black "Dolzhikova, Olga"]
[Result "1-0"]
[WhiteElo "2398"]
[BlackElo "2237"]
[PlyCount "73"]
[EventDate "2013.10.20"]
[EventType "team"]
[EventRounds "7"]
[EventCountry "GRE"]
[WhiteTeam "S.F. Wirtzfeld"]
[BlackTeam "Oslo Schakselskap"]

1. Nf3 Nf6 2. d4 b6 3. Bf4 Bb7 4. e3 Nh5 5. Bg5 h6 6. Bh4 g5 7. Ne5 Nf6 8. Bg3
d6 9. Nf3 Ne4 10. Nbd2 Nxg3 11. hxg3 Bg7 12. Bc4 e6 13. c3 Nd7 14. a4 a6 15.
Qe2 c5 16. Rd1 d5 17. Bd3 c4 18. Bc2 f5 19. g4 Qf6 20. gxf5 exf5 21. Ne5 O-O-O
22. f4 Nf8 23. b3 Ne6 24. bxc4 gxf4 25. c5 bxc5 26. O-O Rhe8 27. Rb1 Re7 28.
Bd3 c4 29. Bc2 Rf8 30. exf4 h5 31. Qxh5 Rh8 32. Qxf5 Qh4 33. Ng6 Qh2+ 34. Kf2
Ree8 35. Nf3 Qh6 36. Ng5 Bc6 37. Nxe6 1-0

[Event "ECCC 2013"]
[Site "Rhodes"]
[Date "2013.10.23"]
[Round "4"]
[White "Sonntag, Hans-Hubert"]
[Black "Persson, Mats"]
[Result "1/2-1/2"]
[WhiteElo "2377"]
[BlackElo "2238"]
[PlyCount "85"]
[EventDate "2013.10.20"]
[EventType "team"]
[EventRounds "7"]
[EventCountry "GRE"]
[WhiteTeam "S.F. Wirtzfeld"]
[BlackTeam "Oslo Schakselskap"]

1. d4 Nf6 2. Nf3 e6 3. e3 d5 4. c4 c5 5. Nc3 Nc6 6. a3 a6 7. dxc5 Bxc5 8. b4
Ba7 9. Bb2 O-O 10. Qc2 dxc4 11. Bxc4 b5 12. Bd3 Bb7 13. O-O Rc8 14. Qe2 Qe7 15.
Rfd1 Rfd8 16. Rac1 Bb8 17. Ne4 Nxe4 18. Bxe4 Rxd1+ 19. Qxd1 h6 20. Bb1 g6 21.
Qd3 Qd6 22. Qb3 Na7 23. Rxc8+ Bxc8 24. Be5 Qb6 25. Qc3 Bxe5 26. Nxe5 Qd6 27.
Bd3 h5 28. h4 Bb7 29. f3 Nc6 30. Nxc6 Bxc6 31. Kf2 e5 32. Be2 Kf8 33. g3 Ke7
34. Bd3 Ke6 35. Bc2 Bd5 36. f4 exf4 37. gxf4 Ke7 38. Qd4 Qc6 39. Bd3 Qd6 40.
Kg3 Qe6 41. Kf2 Qd6 42. Ke2 Qe6 43. Kd2 1/2-1/2

[Event "ECCC 2013"]
[Site "Rhodes"]
[Date "2013.10.23"]
[Round "4"]
[White "Mihajlov, Sebastian"]
[Black "Tuncer, Ufuk"]
[Result "0-1"]
[WhiteElo "2194"]
[BlackElo "2317"]
[PlyCount "100"]
[EventDate "2013.10.20"]
[EventType "team"]
[EventRounds "7"]
[EventCountry "GRE"]
[WhiteTeam "Oslo Schakselskap"]
[BlackTeam "S.F. Wirtzfeld"]

1. d4 Nf6 2. c4 d6 3. Nf3 g6 4. Nc3 Bg7 5. e4 O-O 6. h3 e5 7. d5 Na6 8. Be3 Nh5
9. Nh2 Qe8 10. Be2 Nf4 11. Bf3 f5 12. O-O Nc5 13. b4 fxe4 14. Nxe4 Nxe4 15.
Bxe4 Bf5 16. Qc2 Bxe4 17. Qxe4 Qa4 18. Nf3 b5 19. g3 Ne2+ 20. Kg2 Qxb4 21. Qg4
Rae8 22. Rae1 Nc3 23. Rc1 e4 24. Ng5 Rf5 25. Qh4 Rxg5 26. Qxg5 Qxc4 27. Bxa7
Qxa2 28. Be3 Qxd5 29. Qg4 Qf5 30. Qh4 Bf6 31. Qh6 Qf3+ 32. Kh2 b4 33. Bd2 Bg7
34. Qg5 Qf5 35. Qe3 c5 36. Bxc3 Bxc3 37. Rfd1 Qe5 38. Rc2 Bd4 39. Qb3+ Qe6 40.
Qxe6+ Rxe6 41. Kg2 b3 42. Rc4 d5 43. Ra4 Rb6 44. Ra8+ Kg7 45. Rd8 b2 46. Rb1 c4
47. Rxd5 c3 48. Rxd4 c2 49. Rxb2 Rxb2 50. Rc4 e3 0-1

[Event "ECCC 2013"]
[Site "Rhodes"]
[Date "2013.10.23"]
[Round "4"]
[White "Kovacs, Gabor"]
[Black "Ahlander, Bjorn"]
[Result "1/2-1/2"]
[WhiteElo "2459"]
[BlackElo "2442"]
[PlyCount "91"]
[EventDate "2013.10.20"]
[EventType "team"]
[EventRounds "7"]
[EventCountry "GRE"]
[WhiteTeam "Haladas VSE, Szombathely"]
[BlackTeam "Limhamns SK"]

1. c4 e5 2. Nc3 Nf6 3. Nf3 Nc6 4. e3 Bb4 5. Qc2 O-O 6. a3 Bxc3 7. Qxc3 Re8 8.
b4 d6 9. Bb2 Bg4 10. Qc2 e4 11. Nd4 Nxd4 12. Bxd4 Nd7 13. h3 Bh5 14. c5 dxc5
15. bxc5 Ne5 16. Qb2 Qd5 17. Rb1 b6 18. Qb3 Qd7 19. Qc3 f6 20. Ba6 Qf5 21. g4
Qf3 22. Rh2 Nd3+ 23. Bxd3 exd3 24. Qxd3 Bg6 25. Qc4+ Kh8 26. Rc1 Rad8 27. Kf1
h6 28. Kg1 Kh7 29. Qf1 Be4 30. Qd1 Qxd1+ 31. Rxd1 bxc5 32. Bc3 Bf3 33. Rc1 Rb8
34. h4 Re4 35. Rh3 Rxg4+ 36. Rg3 Rxg3+ 37. fxg3 Be4 38. Kf2 Bd3 39. g4 c4 40.
Kf3 Re8 41. Rg1 Kg6 42. a4 Be4+ 43. Kf2 Bd3 44. Kf3 Be4+ 45. Kf2 Bd3 46. Kf3
1/2-1/2

[Event "ECCC 2013"]
[Site "Rhodes"]
[Date "2013.10.23"]
[Round "4"]
[White "Jepson, Christian"]
[Black "Nemeth, Miklos"]
[Result "1-0"]
[WhiteElo "2392"]
[BlackElo "2468"]
[PlyCount "75"]
[EventDate "2013.10.20"]
[EventType "team"]
[EventRounds "7"]
[EventCountry "GRE"]
[WhiteTeam "Limhamns SK"]
[BlackTeam "Haladas VSE, Szombathely"]

1. d4 Nf6 2. c4 e6 3. Nc3 Bb4 4. e3 O-O 5. Bd3 d5 6. Nf3 c5 7. O-O cxd4 8. exd4
dxc4 9. Bxc4 b6 10. Bg5 Bb7 11. Re1 Nbd7 12. Rc1 Rc8 13. Bd3 Bxc3 14. bxc3 Qc7
15. Bh4 Rfe8 16. Bg3 Qd8 17. Ne5 a6 18. Nc4 Rxc4 19. Bxc4 b5 20. Bb3 Qa8 21. f3
Nb6 22. a4 Qc8 23. axb5 axb5 24. Qd3 Nc4 25. Bxc4 bxc4 26. Qd2 h6 27. Rb1 Nd7
28. Rb4 Bd5 29. Ra1 Qd8 30. Ra7 Qe7 31. Rb8 Rxb8 32. Bxb8 Qe8 33. Bg3 Nf6 34.
Be5 Nd7 35. Bg3 Nf6 36. Qb2 Qc6 37. Qb8+ Ne8 38. Re7 1-0

[Event "ECCC 2013"]
[Site "Rhodes"]
[Date "2013.10.23"]
[Round "4"]
[White "Schneider, Stefan"]
[Black "Nagy, Gabor"]
[Result "1/2-1/2"]
[WhiteElo "2327"]
[BlackElo "2414"]
[PlyCount "109"]
[EventDate "2013.10.20"]
[EventType "team"]
[EventRounds "7"]
[EventCountry "GRE"]
[WhiteTeam "Limhamns SK"]
[BlackTeam "Haladas VSE, Szombathely"]

1. d4 Nf6 2. c4 e6 3. Nf3 b6 4. g3 Bb7 5. Bg2 Be7 6. O-O O-O 7. Re1 c5 8. d5
exd5 9. Nh4 Ne4 10. cxd5 Bxh4 11. Bxe4 Bf6 12. Nc3 d6 13. Qc2 g6 14. Bg2 Na6
15. Ne4 Nb4 16. Qd1 Bd4 17. Bg5 f6 18. Bh6 Re8 19. Nc3 f5 20. a3 Na6 21. e3 Be5
22. h4 Qf6 23. Qd2 c4 24. Bg5 Qf8 25. Qe2 Rac8 26. Nb5 Nc5 27. Qxc4 Ba6 28. a4
Bxb2 29. Rad1 Be5 30. Qa2 Ne4 31. Nxa7 Nc3 32. Qa3 Rc4 33. Nc6 Nxd1 34. Rxd1 h6
35. Nxe5 dxe5 36. Qxf8+ Kxf8 37. Bxh6+ Ke7 38. d6+ Kd7 39. Bd5 Rg4 40. Bg5 Bc4
41. Bc6+ Kxc6 42. d7 Ra8 43. d8=Q Rxd8 44. Bxd8 Bd5 45. Rc1+ Kb7 46. a5 bxa5
47. Bxa5 Ra4 48. Bc7 e4 49. Be5 Bc4 50. Rb1+ Kc6 51. Bd4 Kd5 52. Rb6 Ra6 53.
Rxa6 Bxa6 54. Kg2 Be2 55. Ba1 1/2-1/2

[Event "ECCC 2013"]
[Site "Rhodes"]
[Date "2013.10.23"]
[Round "4"]
[White "Csonka, Attila Istvan"]
[Black "Lindgren, Philip"]
[Result "0-1"]
[WhiteElo "2387"]
[BlackElo "2278"]
[PlyCount "74"]
[EventDate "2013.10.20"]
[EventType "team"]
[EventRounds "7"]
[EventCountry "GRE"]
[WhiteTeam "Haladas VSE, Szombathely"]
[BlackTeam "Limhamns SK"]

1. e4 c5 2. Nf3 d6 3. c3 Nf6 4. Be2 Nbd7 5. d3 g6 6. O-O Bg7 7. Nbd2 b6 8. Re1
Bb7 9. Nf1 O-O 10. Ng3 Qc7 11. Bf1 Rfe8 12. d4 e6 13. Bd3 a6 14. h3 b5 15. Bg5
Rac8 16. Qd2 Bc6 17. Rad1 Qb7 18. Bb1 d5 19. e5 Ne4 20. Qf4 cxd4 21. cxd4 Nxg5
22. Nxg5 Nf8 23. h4 Qe7 24. Qg4 Bd7 25. Re3 h6 26. Nh3 f5 27. exf6 Qxf6 28. Re5
h5 29. Qe2 Qxh4 30. Rg5 e5 31. Bxg6 Bxh3 32. Bf7+ Kxf7 33. Qf3+ Bf6 34. Rxh5
Qf4 35. Qxd5+ Be6 36. Qb7+ Re7 37. Qxa6 Rc1 0-1

[Event "ECCC 2013"]
[Site "Rhodes"]
[Date "2013.10.23"]
[Round "4"]
[White "Penalver, Osmani"]
[Black "Pergel, Laszlo"]
[Result "0-1"]
[WhiteElo "2264"]
[BlackElo "2249"]
[PlyCount "88"]
[EventDate "2013.10.20"]
[EventType "team"]
[EventRounds "7"]
[EventCountry "GRE"]
[WhiteTeam "Limhamns SK"]
[BlackTeam "Haladas VSE, Szombathely"]

1. d4 Nf6 2. c4 c5 3. d5 e6 4. f3 exd5 5. cxd5 Bd6 6. e4 O-O 7. Ne2 Re8 8. Bg5
h6 9. Be3 b5 10. Qd2 Qe7 11. Ng3 Bb7 12. Nf5 Qe5 13. f4 Qxf5 14. exf5 Bxf4 15.
Kd1 Bxe3 16. Qa5 Ne4 17. Nc3 Nf2+ 18. Kc2 Nxh1 19. Re1 Na6 20. a3 c4 21. Qxb5
Rab8 22. Nd1 Nc7 23. Qxd7 Nxd5 24. Bxc4 Red8 25. Qb5 Bc8 26. Qxd5 Rxd5 27. Bxd5
Bxf5+ 28. Kc3 Bf4 29. Rxh1 Be5+ 30. Kc4 Bxb2 31. Rf1 Be6 32. Bxe6 fxe6 33. Rf3
Bf6 34. Rd3 Rd8 35. Rxd8+ Bxd8 36. Nc3 Bb6 37. Kb5 Kf7 38. a4 Bg1 39. Ka6 e5
40. a5 Ke6 41. Kb7 Bd4 42. Nb5 Kd5 43. Nxa7 Bxa7 44. Kxa7 Kc6 0-1

[Event "ECCC 2013"]
[Site "Rhodes"]
[Date "2013.10.23"]
[Round "4"]
[White "Williams, Simon K"]
[Black "Ostenstad, Berge"]
[Result "0-1"]
[WhiteElo "2463"]
[BlackElo "2465"]
[PlyCount "62"]
[EventDate "2013.10.20"]
[EventType "team"]
[EventRounds "7"]
[EventCountry "GRE"]
[WhiteTeam "Jutes of Kent"]
[BlackTeam "Asker"]

1. d4 Nf6 2. c4 g6 3. h4 c5 4. d5 d6 5. Nc3 Bg7 6. e4 a6 7. a4 e6 8. Be2 exd5
9. exd5 h5 10. Nf3 O-O 11. Ng5 Re8 12. O-O Nbd7 13. Bf4 Ne5 14. Qd2 Bf5 15.
Rfe1 Nh7 16. Nge4 Qc7 17. Bh6 Bh8 18. Qf4 Bxe4 19. Nxe4 f5 20. Ng5 Nxg5 21.
Bxg5 Nf7 22. Qg3 Kh7 23. Bxh5 gxh5 24. Re6 Rxe6 25. dxe6 Ne5 26. Qf4 Kg6 27.
Ra3 Qc8 28. e7 Qe6 29. Re3 Re8 30. Qg3 Qxc4 31. Bh6+ Qg4 0-1

[Event "ECCC 2013"]
[Site "Rhodes"]
[Date "2013.10.23"]
[Round "4"]
[White "Tisdall, Jonathan D"]
[Black "Gretarsson, Hjorvar Steinn"]
[Result "1/2-1/2"]
[WhiteElo "2437"]
[BlackElo "2505"]
[PlyCount "60"]
[EventDate "2013.10.20"]
[EventType "team"]
[EventRounds "7"]
[EventCountry "GRE"]
[WhiteTeam "Asker"]
[BlackTeam "Jutes of Kent"]

1. c4 e5 2. Nc3 Nf6 3. Nf3 Nc6 4. e3 Be7 5. d4 exd4 6. exd4 d5 7. h3 O-O 8. Be2
dxc4 9. Bxc4 Nb4 10. O-O c6 11. Ne5 Nbd5 12. Bb3 Be6 13. Re1 Rc8 14. Bg5 Re8
15. Bxf6 Bxf6 16. Ne4 Nf4 17. Qf3 Bxe5 18. dxe5 Ng6 19. Rad1 Nxe5 20. Qg3 Bd5
21. Bxd5 cxd5 22. Rxd5 Qe7 23. Ng5 f6 24. Qb3 Kh8 25. Rdxe5 fxe5 26. Nf7+ Kg8
27. Ng5+ Kh8 28. Nf7+ Kg8 29. Ng5+ Kh8 30. Nf7+ Kg8 1/2-1/2

[Event "ECCC 2013"]
[Site "Rhodes"]
[Date "2013.10.23"]
[Round "4"]
[White "Kirk, Ezra"]
[Black "Sahl, Bjarke"]
[Result "0-1"]
[WhiteElo "2316"]
[BlackElo "2356"]
[PlyCount "94"]
[EventDate "2013.10.20"]
[EventType "team"]
[EventRounds "7"]
[EventCountry "GRE"]
[WhiteTeam "Jutes of Kent"]
[BlackTeam "Asker"]

1. d4 Nf6 2. c4 e6 3. Nc3 Bb4 4. e3 d5 5. Bd3 O-O 6. Nf3 c5 7. O-O Nc6 8. a3
Bxc3 9. bxc3 dxc4 10. Bxc4 Qc7 11. Qe2 e5 12. h3 Bd7 13. Bb2 Rae8 14. Ba2 Kh8
15. Rfd1 e4 16. Nd2 Ne7 17. Nf1 Nf5 18. c4 Bc8 19. Rac1 Rg8 20. Bb1 b6 21. d5
Qe7 22. Ng3 Nd6 23. Rf1 Nd7 24. Kh1 f5 25. Nh5 Ne5 26. Nf4 Ba6 27. Ba2 Qf7 28.
g3 h6 29. h4 Kh7 30. Kg2 b5 31. Bxe5 Rxe5 32. Qb2 Re7 33. cxb5 Bxb5 34. Rh1 Rc8
35. a4 Bd3 36. Qa3 Rec7 37. Ne6 Qh5 38. Rhd1 Be2 39. Rd2 Bf3+ 40. Kh2 g5 41.
Qb2 gxh4 42. g4 fxg4 43. Rxc5 g3+ 44. Kg1 Qg4 45. Rxc7+ Rxc7 46. Nf4 gxf2+ 47.
Kxf2 Rg7 0-1

[Event "ECCC 2013"]
[Site "Rhodes"]
[Date "2013.10.23"]
[Round "4"]
[White "Wiedenkeller, Michael"]
[Black "Fox, Anthony"]
[Result "1/2-1/2"]
[WhiteElo "2479"]
[BlackElo "2086"]
[PlyCount "89"]
[EventDate "2013.10.20"]
[EventType "team"]
[EventRounds "7"]
[EventCountry "GRE"]
[WhiteTeam "CE De Sprenger Echternach"]
[BlackTeam "Adare"]

1. c4 e6 2. g3 d5 3. Bg2 Nf6 4. Nf3 Be7 5. O-O O-O 6. d4 dxc4 7. Qc2 a6 8. Qxc4
b5 9. Qc2 Bb7 10. Bd2 Be4 11. Qc1 Nbd7 12. Ba5 Rc8 13. Nbd2 Bb7 14. b4 Nb6 15.
Nb3 Nc4 16. Rd1 Qe8 17. Ne5 Bxg2 18. Kxg2 Nxe5 19. dxe5 Nd5 20. Qd2 Qc6 21. Kg1
Rfd8 22. Rdc1 Qe8 23. Qe1 Nb6 24. Rxc7 Rxc7 25. Bxb6 Rc4 26. Bxd8 Qxd8 27. a3
Qd5 28. Nd2 Rc2 29. Nf3 Qc4 30. e3 h5 31. Nd4 Rc3 32. h3 Qc7 33. Qd2 Rc4 34.
Nf3 Qc6 35. Kg2 g5 36. e4 Qxe4 37. Qd7 g4 38. hxg4 hxg4 39. Qxe7 Qxf3+ 40. Kg1
Rc2 41. Qg5+ Kf8 42. Rf1 Re2 43. Qh4 Kg7 44. Qg5+ Kf8 45. Qd8+ 1/2-1/2

[Event "ECCC 2013"]
[Site "Rhodes"]
[Date "2013.10.23"]
[Round "4"]
[White "Heinrich, Jan"]
[Black "Gnichtel, Gerd"]
[Result "1-0"]
[WhiteElo "2040"]
[BlackElo "2123"]
[PlyCount "59"]
[EventDate "2013.10.20"]
[EventType "team"]
[EventRounds "7"]
[EventCountry "GRE"]
[WhiteTeam "Adare"]
[BlackTeam "CE De Sprenger Echternach"]

1. d4 Nf6 2. Nf3 g6 3. c4 Bg7 4. Nc3 d6 5. g3 O-O 6. Bg2 Nc6 7. O-O a6 8. e4
Rb8 9. Re1 Bg4 10. h3 Bxf3 11. Bxf3 e5 12. d5 Nd4 13. Bg2 c5 14. Ne2 b5 15. Qd3
Qa5 16. Bd2 bxc4 17. Qxd4 exd4 18. Bxa5 Rxb2 19. f4 Re8 20. e5 dxe5 21. fxe5
Rxe5 22. Nf4 Rxe1+ 23. Rxe1 g5 24. Ne6 fxe6 25. dxe6 c3 26. e7 Kf7 27. Bd5+ Kg6
28. Re6 Kf7 29. Bd8 Ke8 30. Rxf6 1-0

[Event "ECCC 2013"]
[Site "Rhodes"]
[Date "2013.10.23"]
[Round "4"]
[White "Wilger, Frank"]
[Black "Thee, Bernd"]
[Result "1-0"]
[WhiteElo "2107"]
[BlackElo "2098"]
[PlyCount "63"]
[EventDate "2013.10.20"]
[EventType "team"]
[EventRounds "7"]
[EventCountry "GRE"]
[WhiteTeam "CE De Sprenger Echternach"]
[BlackTeam "Adare"]

1. d4 d5 2. c4 e6 3. Nc3 c5 4. e3 Nf6 5. Nf3 Nc6 6. cxd5 exd5 7. Be2 Bd6 8. Nb5
Be7 9. dxc5 Bxc5 10. O-O O-O 11. b3 a6 12. Nbd4 Re8 13. Bb2 Bd6 14. Rc1 Bd7 15.
Qd3 Ne5 16. Nxe5 Bxe5 17. Rc2 Bg4 18. h3 Bd7 19. Ba3 Ne4 20. Nf3 Bf5 21. Nxe5
Ng3 22. e4 Nxe2+ 23. Rxe2 Bxe4 24. Qg3 f6 25. Ng4 Kh8 26. Bb2 Rf8 27. Rd1 Qa5
28. Qc3 Qb6 29. Qd4 Qb5 30. Red2 Rad8 31. Ba3 Rf7 32. Qxe4 1-0

[Event "ECCC 2013"]
[Site "Rhodes"]
[Date "2013.10.23"]
[Round "4"]
[White "Murchadha, Oissine"]
[Black "Oberweis, Paul"]
[Result "1-0"]
[WhiteElo "1861"]
[BlackElo "2052"]
[PlyCount "85"]
[EventDate "2013.10.20"]
[EventType "team"]
[EventRounds "7"]
[EventCountry "GRE"]
[WhiteTeam "Adare"]
[BlackTeam "CE De Sprenger Echternach"]

1. d4 Nf6 2. c4 g6 3. Nc3 Bg7 4. e4 d6 5. h3 O-O 6. Bg5 Na6 7. Nf3 Qe8 8. Bd3
e5 9. d5 Nh5 10. g4 Nf4 11. Ne2 f5 12. gxf5 gxf5 13. Rg1 Kh8 14. Ng3 Nc5 15.
Bc2 Nxh3 16. Rh1 f4 17. Nf5 Bxf5 18. exf5 e4 19. Rxh3 exf3+ 20. Kf1 Ne4 21. Bh6
Rxf5 22. Bxg7+ Kxg7 23. Qd4+ Qe5 24. Qxe4 Qxe4 25. Bxe4 Re5 26. Bxf3 Rg8 27.
Re1 Rxe1+ 28. Kxe1 Re8+ 29. Kd2 Rf8 30. Rh4 Rf7 31. Kd3 h6 32. Ke4 Re7+ 33.
Kxf4 Re1 34. Rh1 Re5 35. c5 b6 36. cxd6 cxd6 37. Rc1 Kf6 38. Be4 Re7 39. Rg1
Kf7 40. Rc1 Rd7 41. Rc6 Kf6 42. Bf5 Rd8 43. Rc7 1-0

[Event "ECCC 2013"]
[Site "Rhodes"]
[Date "2013.10.23"]
[Round "4"]
[White "Drzasga, Michael"]
[Black "Mirza, Gabriel"]
[Result "1-0"]
[WhiteElo "2019"]
[BlackElo "1735"]
[PlyCount "69"]
[EventDate "2013.10.20"]
[EventType "team"]
[EventRounds "7"]
[EventCountry "GRE"]
[WhiteTeam "CE De Sprenger Echternach"]
[BlackTeam "Adare"]

1. d4 Nf6 2. c4 d6 3. Nc3 g6 4. e4 Bg7 5. f3 Nbd7 6. Be3 e5 7. d5 O-O 8. Qd2
Ne8 9. g4 c6 10. h4 Ndf6 11. h5 gxh5 12. g5 Ng4 13. fxg4 Bxg4 14. Bh3 Qd7 15.
Bxg4 Qxg4 16. Qe2 f5 17. Rxh5 Qxe2+ 18. Kxe2 f4 19. Bf2 Rf7 20. Nf3 Bf8 21.
Rah1 Rg7 22. Nh4 Rc8 23. Nf5 Rgc7 24. g6 Nf6 25. gxh7+ Kh8 26. R5h3 Rf7 27. Bh4
Nxe4 28. Nxe4 Rxf5 29. Bf6+ Rxf6 30. Nxf6 cxd5 31. Rg1 Bg7 32. Nxd5 e4 33. Nxf4
Bxb2 34. Ng6+ Kg7 35. Ne7+ 1-0

[Event "ECCC 2013"]
[Site "Rhodes"]
[Date "2013.10.23"]
[Round "4"]
[White "Heimann, Andreas"]
[Black "Andersen, Mads"]
[Result "1/2-1/2"]
[WhiteElo "2493"]
[BlackElo "2476"]
[PlyCount "38"]
[EventDate "2013.10.20"]
[EventType "team"]
[EventRounds "7"]
[EventCountry "GRE"]
[WhiteTeam "Reichenstein SSB"]
[BlackTeam "Nordea Skanderborg"]

1. d4 d5 2. c4 c6 3. Nc3 Nf6 4. cxd5 cxd5 5. Bf4 Nc6 6. e3 Bf5 7. Qb3 Na5 8.
Qa4+ Bd7 9. Qc2 e6 10. Bd3 Nh5 11. Be5 f6 12. Qe2 g6 13. Bg3 Be7 14. Bh4 O-O
15. Nf3 Rc8 16. O-O Ng7 17. Bg3 Nh5 18. Bh4 Ng7 19. Bg3 Nh5 1/2-1/2

[Event "ECCC 2013"]
[Site "Rhodes"]
[Date "2013.10.23"]
[Round "4"]
[White "Pedersen, Nicolai Vesterbaek"]
[Black "Volke, Karsten"]
[Result "1/2-1/2"]
[WhiteElo "2397"]
[BlackElo "2459"]
[PlyCount "100"]
[EventDate "2013.10.20"]
[EventType "team"]
[EventRounds "7"]
[EventCountry "GRE"]
[WhiteTeam "Nordea Skanderborg"]
[BlackTeam "Reichenstein SSB"]

1. d4 Nf6 2. c4 e6 3. Nc3 Bb4 4. Qc2 c5 5. dxc5 O-O 6. a3 Bxc5 7. Nf3 b6 8. Bf4
Bb7 9. e3 Nh5 10. Bg5 Be7 11. Bxe7 Qxe7 12. Be2 Nc6 13. Rd1 Rac8 14. Qa4 Nf6
15. Nb5 d5 16. Nxa7 Nxa7 17. Qxa7 Qc7 18. Qa4 dxc4 19. Rc1 Bd5 20. O-O Qc5 21.
b4 Qc7 22. Nd4 e5 23. Nb5 Qc6 24. Nc3 Bxg2 25. Qxc6 Bxc6 26. Bxc4 h5 27. Bb5
Bf3 28. Na4 Rb8 29. Bc6 e4 30. b5 Rfd8 31. Nb2 Nh7 32. h3 Ng5 33. h4 Ne6 34.
Kh2 f5 35. Rc2 Kf7 36. Nc4 Kf6 37. a4 g5 38. Nxb6 Rxb6 39. a5 Rbb8 40. a6 Nc7
41. a7 Rb6 42. Ra1 gxh4 43. Rca2 Rg8 44. a8=Q Nxa8 45. Rxa8 Rxa8 46. Rxa8 Be2
47. Rf8+ Ke6 48. Re8+ Kf6 49. Rf8+ Ke6 50. Re8+ Kf6 1/2-1/2

[Event "ECCC 2013"]
[Site "Rhodes"]
[Date "2013.10.23"]
[Round "4"]
[White "Riff, Vincent"]
[Black "Pedersen, Jan Rode"]
[Result "1/2-1/2"]
[WhiteElo "2335"]
[BlackElo "2219"]
[PlyCount "96"]
[EventDate "2013.10.20"]
[EventType "team"]
[EventRounds "7"]
[EventCountry "GRE"]
[WhiteTeam "Reichenstein SSB"]
[BlackTeam "Nordea Skanderborg"]

1. d4 Nf6 2. Nf3 e6 3. c4 Bb4+ 4. Nbd2 b6 5. g3 Bb7 6. Bg2 O-O 7. O-O Bxd2 8.
Qxd2 d6 9. b4 a5 10. b5 Nbd7 11. Bb2 Rb8 12. Rfd1 Qe7 13. Rac1 Ne4 14. Qe3 f5
15. c5 bxc5 16. dxc5 Ndxc5 17. Nd4 e5 18. Nf3 f4 19. gxf4 Rxf4 20. Nxe5 dxe5
21. f3 Rbf8 22. Ba3 Qf6 23. Bxc5 Nxc5 24. Rxc5 e4 25. Rxc7 exf3 26. exf3 Bxf3
27. Rf1 Qg6 28. Qb3+ Kh8 29. Rxf3 Qb6+ 30. Qe3 Qxc7 31. b6 Qd6 32. Rxf4 Rxf4
33. h3 h6 34. b7 Rb4 35. Qe8+ Kh7 36. Be4+ g6 37. Qf7+ Kh8 38. Qf2 Kg7 39. Qc2
Qb6+ 40. Kh1 Rb2 41. Qc3+ Kh7 42. Qc8 Qd6 43. Bxg6+ Kxg6 44. Qg8+ Kf5 45. Qg4+
Kf6 46. Qh4+ Ke5 47. Qg3+ Ke6 48. Qg6+ Ke5 1/2-1/2

[Event "ECCC 2013"]
[Site "Rhodes"]
[Date "2013.10.23"]
[Round "4"]
[White "Munk, Kai"]
[Black "Lutz, Bernhard"]
[Result "0-1"]
[WhiteElo "2033"]
[BlackElo "2339"]
[PlyCount "78"]
[EventDate "2013.10.20"]
[EventType "team"]
[EventRounds "7"]
[EventCountry "GRE"]
[WhiteTeam "Nordea Skanderborg"]
[BlackTeam "Reichenstein SSB"]

1. d4 Nf6 2. Nf3 g6 3. c4 Bg7 4. Nc3 d5 5. Bf4 O-O 6. e3 c5 7. dxc5 Qa5 8. Rc1
dxc4 9. Bxc4 Qxc5 10. Bb3 Nc6 11. O-O Qa5 12. e4 Bg4 13. Qd3 Rad8 14. Qe3 Bxf3
15. gxf3 Qh5 16. Kg2 e5 17. Bg5 h6 18. Bxf6 Bxf6 19. Nd5 Bg5 20. Qc3 Nd4 21. f4
Rxd5 22. fxg5 Rc5 23. Qe3 Rxc1 24. Rxc1 Qg4+ 25. Kf1 hxg5 26. Bd5 Nf3 27. Rc7
Nxh2+ 28. Ke1 Qg1+ 29. Ke2 Qf1+ 30. Kd2 Qg2 31. Ke2 Qf1+ 32. Kd2 Qg1 33. Ke2
Kg7 34. Bxb7 Qf1+ 35. Kd2 g4 36. Qe2 Nf3+ 37. Ke3 Qh3 38. Bc8 Nd4+ 39. Kd2 Nxe2
0-1

[Event "ECCC 2013"]
[Site "Rhodes"]
[Date "2013.10.23"]
[Round "4"]
[White "Drabke, Lorenz Maximilian"]
[Black "Watson, Colin"]
[Result "1-0"]
[WhiteElo "2434"]
[BlackElo "1926"]
[PlyCount "45"]
[EventDate "2013.10.20"]
[EventType "team"]
[EventRounds "7"]
[EventCountry "GRE"]
[WhiteTeam "Reichenstein SSB"]
[BlackTeam "Nordea Skanderborg"]

1. e4 c6 2. d3 d5 3. Nd2 e5 4. Ngf3 Bd6 5. d4 exd4 6. exd5 Nf6 7. dxc6 Nxc6 8.
Nb3 O-O 9. Be2 Re8 10. O-O Qc7 11. h3 Be5 12. Bb5 Bd7 13. Nxe5 Qxe5 14. Bxc6
Bxc6 15. Nxd4 Bd5 16. Be3 Red8 17. Re1 Qe4 18. Nf3 Rac8 19. c3 Bc6 20. Bd4 Qg6
21. Re5 Rd5 22. Nh4 Qh6 23. Nf5 1-0